ՀՀ Գիտությունների ազգային ակադեմիայի հիմնարար գիտական գրադարան  =   Fundamental Scientific Library of NAS RA
Normal view MARC view

Entry Personal Name

Number of records used in: 26

001 - CONTROL NUMBER

  • control field: 1205

003 - CONTROL NUMBER IDENTIFIER

  • control field: AM-YEHGA

005 - DATE AND TIME OF LATEST TRANSACTION

  • control field: 20250617070426.0

008 - FIXED-LENGTH DATA ELEMENTS

  • fixed length control field: 050121 a|ac|n|aab||||||||||||a |n|||||||

040 ## - CATALOGING SOURCE

  • Original cataloging agency: AM-YEHGA

100 1# - HEADING--PERSONAL NAME

  • Personal name: Մարգարյան, Ալեքսանդր Սիմոնի,
  • Dates associated with a name: 1924-2001

400 1# - SEE FROM TRACING--PERSONAL NAME

  • Personal name: Մարգարյան, Ալեքսանդր Սիմոնի,
  • Dates associated with a name: 1924-

400 1# - SEE FROM TRACING--PERSONAL NAME

  • Personal name: Մարգարյան, Ալեքսանդր,
  • Dates associated with a name: 1924-2001

400 1# - SEE FROM TRACING--PERSONAL NAME

  • Personal name: Մարգարյան, Ալ.Ս.
  • Fuller form of name: (Ալեքսանդր Սիմոնի),
  • Dates associated with a name: 1924-2001

400 1# - SEE FROM TRACING--PERSONAL NAME

  • Personal name: Մարգարյան, Ա.
  • Fuller form of name: (Ալեքսանդր),
  • Dates associated with a name: 1924-2001

400 1# - SEE FROM TRACING--PERSONAL NAME

  • Personal name: Մարգարյան, Ալ.
  • Fuller form of name: (Ալեքսանդր),
  • Dates associated with a name: 1924-2001

400 1# - SEE FROM TRACING--PERSONAL NAME

  • Personal name: Մարգարյան, Ա.Ս.
  • Fuller form of name: (Ալեքսանդր Սիմոնի),
  • Dates associated with a name: 1924-2001

400 1# - SEE FROM TRACING--PERSONAL NAME

  • Personal name: Маркарян, Александр Симонович,
  • Dates associated with a name: 1924-2001

400 1# - SEE FROM TRACING--PERSONAL NAME

  • Personal name: Маркарян, Ал.С.
  • Fuller form of name: (Александр Симонович),
  • Dates associated with a name: 1924-2001

400 1# - SEE FROM TRACING--PERSONAL NAME

  • Personal name: Маркарян, А.С.
  • Fuller form of name: (Александр Симонович),
  • Dates associated with a name: 1924-2001

400 1# - SEE FROM TRACING--PERSONAL NAME

  • Personal name: Margaryan, Aleksandr Simoni,
  • Dates associated with a name: 1924-2001

670 ## - SOURCE DATA FOUND

  • Source citation: Հայկական համառոտ հանրագիտարան, 1999 :
  • Information found: հ. 3 (Մարգարյան Ալեքսանդր Սիմոնի [ծ. 15.3.1924, գ. Քարաշեն (ՀՀ Սյունիքի մ.)], լեզվաբան: Բանասիր. գիտ. դ-ր (1967), պրոֆ. (1969)։ ԵՊՀ,ի դասախոս (1959-ից))

670 ## - SOURCE DATA FOUND

  • Source citation: Հայաստանի հանրապետություն, 19 դեկտ. 2001 :
  • Information found: էջ 7 ([Մահախոսական] Ալեքսանդր Մարգարյան)

670 ## - SOURCE DATA FOUND

  • Source citation: Ժամանակակից հայոց լեզու։ Բառագիտություն (ՈՒս-օժ. ձեռնարկ), 1993 :
  • Information found: տիտղթ. (Ա.Ս. Մարգարյան), վերջ. (Մարգարյան Ալեքսանդր Սիմոնի)

670 ## - SOURCE DATA FOUND

  • Source citation: Հայերենի հարադիր բայերը, 1966 :
  • Information found: տիտղթ. (Ա. Մարգարյան)

670 ## - SOURCE DATA FOUND

  • Source citation: Օտար բառերի բացատրական բառարան (Շուրջ 8000 բառային միավոր), 2004 :
  • Information found: տիտղթ. (Ալ. Մարգարյան), վերջ. (Մարգարյան Ալեքսանդր)

670 ## - SOURCE DATA FOUND

  • Source citation: Հայոց լեզվի հապավումների բառարան, 1979 :
  • Information found: տիտղթ. (Ալ.Ս. Մարգարյան)

670 ## - SOURCE DATA FOUND

  • Source citation: Ավագյան, Վ.Գ. Հայոց լեզվի շարահյուսություն (Դասագիրք երեկոյան (հերթափոխային) միջն. դպր. VII-VIII դաս. համար), 1985 :
  • Information found: տիտղթ. (Խմբ.՝ Ա.Ս. Մարգարյան)

670 ## - SOURCE DATA FOUND

  • Source citation: Армянский язык (Учебник для студ. рус. отдел. вузов), 1964 :
  • Information found: т.л. (Ал.С. Маркарян)

670 ## - SOURCE DATA FOUND

  • Source citation: Лингвистические взгляды Микаэла Налбандяна :Автореф. ... канд. филол. наук, 1953 :
  • Information found: т.л. (А.С.Маркарян)


ՀՀ ԳԱԱ հիմնարար գիտական գրադարան
ՀՀ,Երևան 0019
Մարշալ Բաղրամյան 24/6
հեռախոս:(374-10) 52-47-50
Հետադարձ կապ

All site content, except where otherwise noted, is licensed under a
Creative Commons License